আন্তর্জাতিক অর্থনৈতিক সম্পর্কের রাজনীতি / (Record no. 47497)
[ view plain ]
| 000 -LEADER | |
|---|---|
| fixed length control field | 01082nam a22002417a 4500 |
| 001 - CONTROL NUMBER | |
| control field | 47497 |
| 003 - CONTROL NUMBER IDENTIFIER | |
| rucl marc code | BD-RjUL |
| 005 - DATE AND TIME OF LATEST TRANSACTION | |
| control field | 20211209054328.0 |
| 008 - FIXED-LENGTH DATA ELEMENTS--GENERAL INFORMATION | |
| fixed length control field | 160809s1984 bg ||||| |||| 00| 0 ben d |
| 020 ## - INTERNATIONAL STANDARD BOOK NUMBER | |
| Terms of availability | : TK 22.00 |
| 035 ## - SYSTEM CONTROL NUMBER | |
| System control number | (BD-RjUL)47616 |
| 040 ## - CATALOGING SOURCE | |
| Original cataloging agency | BD-RjUL |
| Language of cataloging | ben |
| Transcribing agency | BD-RjUL |
| 041 ## - LANGUAGE CODE | |
| Language code of text/sound track or separate title | ben |
| 082 ## - DEWEY DECIMAL CLASSIFICATION NUMBER | |
| Edition number | 22 |
| Classification number | 337.09049 |
| Author mark and year | SPA 1984 |
| 100 ## - MAIN ENTRY--PERSONAL NAME | |
| Personal name | স্পেরো, জোয়ান এডলম্যান |
| 9 (RLIN) | 144416 |
| 245 ## - TITLE STATEMENT | |
| Title | আন্তর্জাতিক অর্থনৈতিক সম্পর্কের রাজনীতি / |
| Statement of responsibility, etc. | জোয়ান এডলম্যান স্পেরো |
| 260 ## - PUBLICATION, DISTRIBUTION, ETC. (IMPRINT) | |
| Place of publication, distribution, etc. | ঢাকা : |
| Name of publisher, distributor, etc. | খোশরোজ কিতাব মহল, |
| Date of publication, distribution, etc. | ১৯৮৪ |
| 300 ## - PHYSICAL DESCRIPTION | |
| Pagination | ৫২৩ পৃ. : |
| Illustrations | চিত্র ; |
| Size | ২১ সেমি. |
| 650 ## - SUBJECT ADDED ENTRY--TOPICAL TERM | |
| Topical term or geographic name as entry element | International economic relations |
| 9 (RLIN) | 144417 |
| Topical term or geographic name as entry element | আন্তর্জাতিক অর্থনৈতিক সম্পর্ক |
| 9 (RLIN) | 144418 |
| 700 ## - ADDED ENTRY--PERSONAL NAME | |
| Personal name | আহমেদ, মমতাজ উদ্দিন, অনুবাদ |
| 942 ## - ADDED ENTRY ELEMENTS (KOHA) | |
| Source of classification or shelving scheme | Dewey Decimal Classification |
| Koha item type | Books |
| Lost status | Source of classification or shelving scheme | Damaged status | Not for loan | Collection code | Permanent Location | Current Location | Shelving location | Date acquired | Source of acquisition | Total Checkouts | Full call number | Date last seen | Copy number | Koha item type | Date checked out |
|---|---|---|---|---|---|---|---|---|---|---|---|---|---|---|---|
| Dewey Decimal Classification | Non-fiction | Central Library, University of Rajshahi | Central Library, University of Rajshahi | 24/07/1986 | American Com. | B 337.09049 SPA 1984 | 09/08/2016 | C-2 | Books | ||||||
| Dewey Decimal Classification | Non-fiction | Central Library, University of Rajshahi | Central Library, University of Rajshahi | 24/07/1986 | American Com. | B 337.09049 SPA 1984 | 09/08/2016 | C-3 | Books | ||||||
| Dewey Decimal Classification | Non-fiction | Central Library, University of Rajshahi | Central Library, University of Rajshahi | 24/07/1986 | American Com. | B 337.09049 SPA 1984 | 09/08/2016 | C-4 | Books | ||||||
| Dewey Decimal Classification | Non-fiction | Central Library, University of Rajshahi | Central Library, University of Rajshahi | 24/07/1986 | American Com. | B 337.09049 SPA 1984 | 09/08/2016 | C-5 | Books | ||||||
| Dewey Decimal Classification | Non-fiction | Central Library, University of Rajshahi | Central Library, University of Rajshahi | 24/07/1986 | American Com. | B 337.09049 SPA 1984 | 09/08/2016 | C-6 | Books | ||||||
| Dewey Decimal Classification | Non-fiction | Central Library, University of Rajshahi | Central Library, University of Rajshahi | 24/07/1986 | American Com. | 1 | B 337.09049 SPA 1984 | 08/03/2017 | C-7 | Books | 13/02/2017 | ||||
| Dewey Decimal Classification | Not For Loan | Non-fiction | Central Library, University of Rajshahi | Central Library, University of Rajshahi | Reading Room | 24/07/1984 | American Culture, | B 337.09049 SPA 1984 | 18/01/2017 | C-1 | Books |